000 01007nas a2200325 4500
001 BR2017002943
003 BR-BrBNA
005 20231205131124.0
007 ta
008 230509b bl.|||p| |||| 00| 00por d
040 _aBR-BrBNA
_bpor
_cBiblioteca Nacional de Agricultura
041 _a(Pt)
072 _aQ03
100 1 _aSantos, R.L. dos
100 1 _aPalma, J.M.
100 1 _aSantana, A.P.
245 1 _aAvaliação da qualidade higienicossanitária de carcaças de bovinos oriundos de abatedouros frigoríficos do Distrito Federal e entorno
650 _aBOVINO
650 _aABATE
650 _aCARCAÇA
650 _aANÁLISE MICROBIOLÓGICA
650 _aCONTAMINAÇÃO
650 _aDESINFECÇÃO
650 _aCLORO
650 _aHIGIENE DE ALIMENTO
650 _aSEGURANÇA ALIMENTAR
773 0 _tHigiene Alimentar (Brazil)
_xISSN 0101-9171
_g(Sep-Oct 2017), v. 31(272-273) p. 80-81
_wBR2017002943
909 _a202311
_bLúcia
_c55
_dLúcia Elande
942 _2AGRIS
_n0
_cANA
999 _c253128
_d253128